| 000 | 00669cam a2200229 a 4500 | ||
|---|---|---|---|
| 001 | 000018044 | ||
| 005 | 20200929165330.0 | ||
| 008 | 780519s1971 ve 000 0 spa d | ||
| 035 | _a(DLC) 78346402 | ||
| 040 |
_aDO-SdBNP _bspa _cDLC _dDLC _dBNPHU |
||
| 082 |
_aV861.44 _bB277t |
||
| 100 | 1 |
_aBarroeta, José, _d1942-2006. _939124 |
|
| 245 | 1 | 0 |
_aTodos han muerto / _cJosé Barroeta. |
| 260 |
_aCaracas : _bMonte Ávila, _cc1971. |
||
| 300 |
_a94 p. ; _c19 cm. |
||
| 490 | 1 | _aAltazor | |
| 650 | 4 |
_aPoesía venezolana _94230 |
|
| 650 | 4 |
_aLiteratura venezolana _ySIGLO XX _99777 |
|
| 830 | 0 |
_aAltazor. _98724 |
|
| 910 | _aCatalogación por copia / LC | ||
| 049 | _aBNGR | ||
| 999 |
_c17566 _d17566 |
||